Statistics for Greek names of world cities

Click here to take the quiz!

General Stats

  • This quiz has been taken 620 times
  • The average score is 12 of 15

Answer Stats

Hint Answer % Correct
LondinoLondon
98%
AthinaAthens
97%
MadritiMadrid
95%
Nea IorkiNew York
91%
KonstantinoupoliIstanbul
91%
MelvourniMelbourne
86%
LisavonaLisbon
82%
PekinoBeijing
79%
VarkeloniBarcelona
76%
VerolinoBerlin
70%
VarsoviaWarsaw
70%
VrixellesBrussels
70%
LefkosiaNicosia
59%
AgkiraAnkara
56%
Agia PetroupoliSaint Petersburg
47%

Score Distribution

Percentile by Number Answered

Percent of People with Each Score

Your Score History

You have not taken this quiz